<?xml version="1.0" encoding="UTF-8"?>
<record
    xmlns:xsi="http://www.w3.org/2001/XMLSchema-instance"
    xsi:schemaLocation="http://www.loc.gov/MARC21/slim http://www.loc.gov/standards/marcxml/schema/MARC21slim.xsd"
    xmlns="http://www.loc.gov/MARC21/slim">

  <leader>01442nam a2200205Ia 4500</leader>
  <datafield tag="952" ind1=" " ind2=" ">
    <subfield code="0">0</subfield>
    <subfield code="1">0</subfield>
    <subfield code="4">0</subfield>
    <subfield code="7">0</subfield>
    <subfield code="a">22</subfield>
    <subfield code="b">22</subfield>
    <subfield code="d">2009-12-28</subfield>
    <subfield code="l">43</subfield>
    <subfield code="o">972 D352H V.2 2007</subfield>
    <subfield code="p">01 011883</subfield>
    <subfield code="r">2019-07-25</subfield>
    <subfield code="s">2019-07-25</subfield>
    <subfield code="t">1</subfield>
    <subfield code="w">2012-06-24</subfield>
    <subfield code="y">LB</subfield>
  </datafield>
  <datafield tag="952" ind1=" " ind2=" ">
    <subfield code="0">0</subfield>
    <subfield code="1">0</subfield>
    <subfield code="4">0</subfield>
    <subfield code="7">0</subfield>
    <subfield code="a">22</subfield>
    <subfield code="b">22</subfield>
    <subfield code="d">2010-09-20</subfield>
    <subfield code="l">13</subfield>
    <subfield code="m">2</subfield>
    <subfield code="o">972 D352H V.2 2007</subfield>
    <subfield code="p">01 012334</subfield>
    <subfield code="r">2019-02-26</subfield>
    <subfield code="s">2019-02-20</subfield>
    <subfield code="t">2</subfield>
    <subfield code="w">2012-06-24</subfield>
    <subfield code="y">LB</subfield>
  </datafield>
  <datafield tag="952" ind1=" " ind2=" ">
    <subfield code="0">0</subfield>
    <subfield code="1">0</subfield>
    <subfield code="4">0</subfield>
    <subfield code="7">0</subfield>
    <subfield code="a">22</subfield>
    <subfield code="b">22</subfield>
    <subfield code="d">2011-02-19</subfield>
    <subfield code="l">2</subfield>
    <subfield code="o">972 D352H V.2 2007</subfield>
    <subfield code="p">01 012526</subfield>
    <subfield code="r">2018-02-19</subfield>
    <subfield code="s">2018-02-19</subfield>
    <subfield code="t">3</subfield>
    <subfield code="w">2012-06-24</subfield>
    <subfield code="y">LB</subfield>
  </datafield>
  <datafield tag="952" ind1=" " ind2=" ">
    <subfield code="0">0</subfield>
    <subfield code="1">0</subfield>
    <subfield code="4">0</subfield>
    <subfield code="7">0</subfield>
    <subfield code="a">22</subfield>
    <subfield code="b">01</subfield>
    <subfield code="d">2011-02-19</subfield>
    <subfield code="l">2</subfield>
    <subfield code="o">972 D352H V.2 2007</subfield>
    <subfield code="p">01 012527</subfield>
    <subfield code="r">2024-01-24</subfield>
    <subfield code="s">2024-01-20</subfield>
    <subfield code="t">4</subfield>
    <subfield code="w">2012-06-24</subfield>
    <subfield code="y">LB</subfield>
  </datafield>
  <datafield tag="952" ind1=" " ind2=" ">
    <subfield code="0">0</subfield>
    <subfield code="1">0</subfield>
    <subfield code="4">0</subfield>
    <subfield code="7">0</subfield>
    <subfield code="a">11</subfield>
    <subfield code="b">11</subfield>
    <subfield code="d">2010-01-15</subfield>
    <subfield code="l">7</subfield>
    <subfield code="o">F1226 D45 V.2 2007</subfield>
    <subfield code="p">11 008157</subfield>
    <subfield code="r">2026-02-09</subfield>
    <subfield code="s">2026-02-04</subfield>
    <subfield code="t">1</subfield>
    <subfield code="w">2012-06-26</subfield>
    <subfield code="y">LB</subfield>
  </datafield>
  <datafield tag="952" ind1=" " ind2=" ">
    <subfield code="0">0</subfield>
    <subfield code="1">0</subfield>
    <subfield code="4">0</subfield>
    <subfield code="7">0</subfield>
    <subfield code="a">11</subfield>
    <subfield code="b">11</subfield>
    <subfield code="d">2014-05-08</subfield>
    <subfield code="l">2</subfield>
    <subfield code="o">F1226 D45 V.2 2007</subfield>
    <subfield code="p">11 009922</subfield>
    <subfield code="r">2024-10-02</subfield>
    <subfield code="s">2024-10-02</subfield>
    <subfield code="t">2</subfield>
    <subfield code="w">2014-05-08</subfield>
    <subfield code="y">LB</subfield>
  </datafield>
  <datafield tag="952" ind1=" " ind2=" ">
    <subfield code="0">0</subfield>
    <subfield code="1">0</subfield>
    <subfield code="2">lcc</subfield>
    <subfield code="4">0</subfield>
    <subfield code="7">0</subfield>
    <subfield code="a">01</subfield>
    <subfield code="b">01</subfield>
    <subfield code="d">2022-10-03</subfield>
    <subfield code="l">0</subfield>
    <subfield code="o">F1226 D45 v.2 2007</subfield>
    <subfield code="p">16 002256</subfield>
    <subfield code="r">2023-07-12</subfield>
    <subfield code="t">1</subfield>
    <subfield code="w">2022-10-03</subfield>
    <subfield code="y">LB</subfield>
  </datafield>
  <datafield tag="952" ind1=" " ind2=" ">
    <subfield code="0">0</subfield>
    <subfield code="1">0</subfield>
    <subfield code="2">lcc</subfield>
    <subfield code="4">0</subfield>
    <subfield code="7">0</subfield>
    <subfield code="a">01</subfield>
    <subfield code="b">01</subfield>
    <subfield code="d">2022-10-03</subfield>
    <subfield code="l">0</subfield>
    <subfield code="o">F1226 D45 v.2 2007</subfield>
    <subfield code="p">16 002257</subfield>
    <subfield code="r">2023-07-12</subfield>
    <subfield code="t">2</subfield>
    <subfield code="w">2022-10-03</subfield>
    <subfield code="y">LB</subfield>
  </datafield>
  <datafield tag="999" ind1=" " ind2=" ">
    <subfield code="c">61078</subfield>
    <subfield code="d">61078</subfield>
  </datafield>
  <controlfield tag="008">120622s2007    mx a          000 0 spa d</controlfield>
  <datafield tag="020" ind1=" " ind2=" ">
    <subfield code="a">9702609569</subfield>
  </datafield>
  <datafield tag="050" ind1=" " ind2=" ">
    <subfield code="a">F1226</subfield>
    <subfield code="b">D45 v.2 2007</subfield>
  </datafield>
  <datafield tag="082" ind1=" " ind2=" ">
    <subfield code="a">972 D352h v.2 2007</subfield>
  </datafield>
  <datafield tag="100" ind1=" " ind2=" ">
    <subfield code="a">Delgado de Cant&#xFA;, Gloria M.</subfield>
    <subfield code="d">autor</subfield>
  </datafield>
  <datafield tag="245" ind1=" " ind2=" ">
    <subfield code="a">Historia de M&#xE9;xico II </subfield>
    <subfield code="b">: de la era revolucionaria al sexenio del cambio</subfield>
    <subfield code="c"> / Gloria M. Delgado de Cant&#xFA;</subfield>
  </datafield>
  <datafield tag="250" ind1=" " ind2=" ">
    <subfield code="a">5a. edici&#xF3;n</subfield>
  </datafield>
  <datafield tag="260" ind1=" " ind2=" ">
    <subfield code="a">M&#xE9;xico </subfield>
    <subfield code="b">: Pearson Educaci&#xF3;n</subfield>
    <subfield code="c">, 2007</subfield>
  </datafield>
  <datafield tag="300" ind1=" " ind2=" ">
    <subfield code="a">xxiii, 623 p&#xE1;ginas</subfield>
    <subfield code="b">: ilustraciones</subfield>
  </datafield>
  <datafield tag="500" ind1=" " ind2=" ">
    <subfield code="a">Incluye: Introducci&#xF3;n (pp. xxi - xxiii),</subfield>
  </datafield>
  <datafield tag="505" ind1=" " ind2=" ">
    <subfield code="a">La Revoluci&#xF3;n Mexicana: lucha contra el antiguo r&#xE9;gimen  
La Revoluci&#xF3;n Mexicana: constitucionalismo  
Los gobiernos de la Revoluci&#xF3;n. El grupo sonorense en el poder (1920 - 1928)  
Los gobiernos de la Revoluci&#xF3;n. El maximato  
Los gobiernos de la Revoluci&#xF3;n. El cardenismo, consolidaci&#xF3;n de las instituciones  
Los gobiernos de la Revoluci&#xF3;n. Unidad Nacional y civilismo (1940 -1952)  
Los sexenios de desarrollo estabilizador (1952 - 1970)   
Del desarrollo estabilizador al desarrollo  compartido (1970 - 1976)  
Los sexenios de la crisis (1976 - 1988)  
El sexenio salinista: Modernidad y turbulencia (1988 - 1994)  
Del fin de la era priista al gobierno del cambio (1994 - 2006)  </subfield>
  </datafield>
  <datafield tag="519" ind1=" " ind2=" ">
    <subfield code="a">Plan UNAM / </subfield>
    <subfield code="b">Preparatoria / </subfield>
    <subfield code="c">Historia de M&#xE9;xico II (1504) </subfield>
    <subfield code="d">/ (11 009922) </subfield>
  </datafield>
  <datafield tag="650" ind1=" " ind2="0">
    <subfield code="a">M&#xC9;XICO</subfield>
    <subfield code="x">HISTORIA</subfield>
    <subfield code="y">SIGLO XX</subfield>
  </datafield>
  <datafield tag="942" ind1=" " ind2=" ">
    <subfield code="c">LB</subfield>
  </datafield>
</record>
